Focus (Record no. 84047)

MARC details
000 -LEADER
fixed length control field 00892cab a22002295a 4500
001 - CONTROL NUMBER
control field L156513
008 - FIXED-LENGTH DATA ELEMENTS--GENERAL INFORMATION
fixed length control field 120530e20120526xxk 000 0 eng d
035 ## - SYSTEM CONTROL NUMBER
System control number (Sirsi) u156513
041 0# - LANGUAGE CODE
Language code of text/sound track or separate title eng
100 1# - MAIN ENTRY--PERSONAL NAME
Personal name Cunningham, Daniel
245 00 - TITLE STATEMENT
Title Focus
Remainder of title Yorkshire
260 ## - PUBLICATION, DISTRIBUTION, ETC.
Date of publication, distribution, etc. 2012
490 ## - SERIES STATEMENT
Series statement Estates Gazette
Volume/sequential designation (1221) 26 May 2012 63-85(18)
520 ## - SUMMARY, ETC.
Summary, etc. Includes information on the Leeds office market where large transactions in the first quarter of 2012 boosted take-ups but agents are still cautious. Also the consequences of several Yorkshire cities rejecting elected mayors in May 2012 and details of the Leeds residential market where housing is in short supply after a boom in the population.
590 ## - LOCAL NOTE (RLIN)
Local note KA
651 #4 - SUBJECT ADDED ENTRY--GEOGRAPHIC NAME
Geographic name Yorkshire
690 ## - LOCAL SUBJECT ADDED ENTRY--TOPICAL TERM (OCLC, RLIN)
Topical term or geographic name as entry element Commercial property
9 (RLIN) 6227
700 1# - ADDED ENTRY--PERSONAL NAME
Personal name Simmons, Mark
700 1# - ADDED ENTRY--PERSONAL NAME
Personal name Hamilton, Helen
700 1# - ADDED ENTRY--PERSONAL NAME
Personal name Norwood, Graham
942 ## - ADDED ENTRY ELEMENTS (KOHA)
Suppress in OPAC 0
Holdings
Withdrawn status Lost status Source of classification or shelving scheme Damaged status Not for loan Home library Current library Shelving location Date acquired Total Checkouts Full call number Barcode Date last seen Copy number Price effective from Koha item type
    Dewey Decimal Classification     London London Journal article 30/05/2012   L156513 156513-1001 06/08/2019 1 06/08/2019 Journal article